000 00544nam a22001817a 4500
999 _c183829
_d183829
005 20220104163158.0
010 _aENG-130941
020 _a978-93-89583-67-0
_c475.00
035 _aEN-114473
037 _bDBAD
082 _a621
100 _aVashist Devendra
245 _aMechanical Engineering: Fundamentals
_cDevendra Vashist
260 _aNew Delhi
_bI.K. International PVT. Ltd.,
_c2019
270 _bNew Delhi
_e110002
_aI.K. International PVT. Ltd,
300 _av, 432p
_c24cm(pbk)
942 _2ddc
_cEN
_h621
_mVAS